000 00528cab a2200193 4500
001 X1867
008 090401t1994 xxu||||| |||| 00| 0 eng d
035 _a(Sirsi) u20038
041 _aeng
245 _aSecondment
260 _c1994
350 _a0
490 _aBuilding Conservation Newsletter
_v(10) Summer 1994, 8-9(2)
650 _aCAREERS, EDUCATION AND TRAINING
650 _aCAREERS, EDUCATION AND TRAINING
690 _aMANAGEMENT-BUSINESS MANAGEMENT-PROFESSIONAL PRACTICE
942 _n0
948 _c04/03/1997
999 _c13425
_d13425